[Event "FICGS theme 0001 email"]
[Site "FICGS email"]
[Date "2010.09.18"]
[Round "1"]
[White "Tuluoglu, Utku"]
[Black "Guralivu, Paul Iosif"]
[Result "1-0"]
[WhiteElo "1626"]
[BlackElo "1385"]
[PlyCount "37"]
[EventDate "2010.??.??"]
[EventType "swiss (corr)"]
[EventRounds "1"]
[SourceTitle "Corr 2013"]
[Source "ChessBase"]
[SourceDate "2012.11.12"]
[SourceVersion "1"]
[SourceVersionDate "2012.11.12"]
[SourceQuality "1"]

1. d4 d5 2. c4 Nc6 3. Nf3 Bg4 4. cxd5 Qxd5 5. Nc3 Qd8 6. e3 e5 7. d5 Nce7 8. Qa4+ Qd7 9. Qxd7+ Bxd7 10. Nxe5 Nf6 11. Nxd7 Kxd7 12. Bc4 Ng6 13. 0-0 Bd6 14. Rd1 Kc8 15. e4 Bc5 16. Kf1 Ng4 17. h3 Nxf2 18. Rd2 Nxe4 19. Nxe4 1-0

[Event "FICGS rapid C 000091 email"]
[Site "FICGS email"]
[Date "2010.07.27"]
[Round "1"]
[White "Giandomenico, Alfonso"]
[Black "Tuluoglu, Utku"]
[Result "1/2-1/2"]
[WhiteElo "1572"]
[BlackElo "1626"]
[PlyCount "100"]
[EventDate "2010.??.??"]
[EventType "tourn (rapid)"]
[EventRounds "5"]
[SourceTitle "Corr 2022"]
[Source "ChessBase"]
[SourceDate "2021.10.24"]
[SourceVersion "1"]
[SourceVersionDate "2021.10.24"]
[SourceQuality "1"]

1. e4 e5 2. Bc4 Nf6 3. Nf3 Nc6 4. d3 h6 5. 0-0 Bc5 6. c3 d6 7. Bb3 0-0 8. Nbd2 Be6 9. Nc4 b5 10. Ne3 a5 11. Bc2 a4 12. d4 exd4 13. cxd4 Bb6 14. d5 Nb4 15. dxe6 fxe6 16. Re1 Nxc2 17. Nxc2 Ng4 18. Be3 Nxe3 19. Nxe3 Qf6 20. Qc2 g5 21. h3 Rf7 22. Ng4 Qg6 23. Qc6 Raf8 24. Qxb5 h5 25. Ne3 g4 26. Qg5 Qxg5 27. Nxg5 Rxf2 28. Kh2 Rxb2 29. Nc4 Rc2 30. Nxb6 Rff2 31. Rg1 cxb6 32. Nxe6 a3 33. Nd4 Rxa2 34. Rxa2 Rxa2 35. Nb5 Kf7 36. Nxd6+ Ke6 37. Nb5 Ke5 38. hxg4 hxg4 39. Kg3 Rb2 40. Nxa3 Kxe4 41. Kxg4 b5 42. Kg5 b4 43. Nb5 b3 44. Na3 Ra2 45. Nb1 Kd3 46. g4 Kc2 47. Kh6 Ra1 48. g5 Rxb1 49. Rxb1 Kxb1 50. g6 b2 1/2-1/2

[Event "FICGS class C 000152 email"]
[Site "FICGS email"]
[Date "2010.07.24"]
[Round "1"]
[White "Tuluoglu, Utku"]
[Black "Herman, Herdiansyah"]
[Result "1-0"]
[WhiteElo "1626"]
[BlackElo "1800"]
[PlyCount "21"]
[EventDate "2010.??.??"]
[EventType "tourn (corr)"]
[EventRounds "5"]
[SourceTitle "Corr 2013"]
[Source "ChessBase"]
[SourceDate "2012.11.12"]
[SourceVersion "1"]
[SourceVersionDate "2012.11.12"]
[SourceQuality "1"]

1. d4 d5 2. c4 c6 3. Nc3 Nf6 4. Nf3 e6 5. Bg5 h6 6. Bh4 g5 7. Bg3 dxc4 8. a4 Bb4 9. e3 Nd5 10. Rc1 b5 11. Be2 1-0

[Event "FICGS class C 000151 email"]
[Site "FICGS email"]
[Date "2010.07.11"]
[Round "1"]
[White "Tuluoglu, Utku"]
[Black "Koenig, Paul"]
[Result "0-1"]
[WhiteElo "1626"]
[BlackElo "1730"]
[PlyCount "52"]
[EventDate "2010.??.??"]
[EventType "tourn (corr)"]
[EventRounds "5"]
[SourceTitle "Corr 2013"]
[Source "ChessBase"]
[SourceDate "2012.11.12"]
[SourceVersion "1"]
[SourceVersionDate "2012.11.12"]
[SourceQuality "1"]

1. e4 c5 2. Nf3 Nc6 3. d4 cxd4 4. Nxd4 Nf6 5. Nc3 e6 6. Ndb5 d6 7. Bf4 e5 8. Bg5 a6 9. Na3 b5 10. Bxf6 gxf6 11. Nd5 f5 12. Bd3 Be6 13. c3 Bg7 14. Nc2 Bxd5 15. exd5 Ne7 16. f3 0-0 17. Ne3 e4 18. Bc2 f4 19. Nf1 b4 20. fxe4 bxc3 21. b3 Qb6 22. Qh5 Rae8 23. 0-0-0 Qc5 24. Bb1 Qa3+ 25. Kc2 f5 26. Rd3 Qb2+ 0-1

[Event "OP-2010-0-01085"]
[Site "LSS email"]
[Date "2010.02.15"]
[Round "?"]
[White "Linga, Venu Gopal"]
[Black "Tuluoglu, Utku"]
[Result "1-0"]
[WhiteElo "800"]
[BlackElo "1200"]
[PlyCount "73"]
[EventDate "2010.02.11"]
[EventType "tourn (corr)"]
[EventRounds "4"]
[EventCountry "GER"]
[SourceTitle "Corr 2013"]
[Source "ChessBase"]
[SourceDate "2012.11.12"]
[SourceVersion "1"]
[SourceVersionDate "2012.11.12"]
[SourceQuality "1"]

1. d4 Nf6 2. Nc3 d5 3. Bf4 a6 4. e3 g6 5. Nf3 Bg7 6. Be2 0-0 7. 0-0 Nbd7 8. h3 c5 9. Rb1 e6 10. Bd6 Re8 11. dxc5 b6 12. cxb6 Nxb6 13. Bf4 Bb7 14. Qd3 Rc8 15. Ne5 Nfd7 16. Nxd7 Qxd7 17. Nd1 Qa4 18. Qb3 Qc6 19. c3 e5 20. Bg3 Kh8 21. Bg4 f5 22. Bf3 Nc4 23. Qc2 Qf6 24. Ra1 g5 25. Re1 f4 26. exf4 gxf4 27. Bh2 e4 28. Bg4 Rcd8 29. Qb3 Bc6 30. Qc2 Ne5 31. Qd2 Bh6 32. Qd4 Rg8 33. f3 Bf8 34. Kh1 Rg5 35. Nf2 h5 36. fxe4 hxg4 37. Nxg4 1-0

[Event "ZL-2010-0-00667"]
[Site "LSS email"]
[Date "2010.02.15"]
[Round "?"]
[White "Zimmermann, Jan Erik"]
[Black "Tuluoglu, Utku"]
[Result "1-0"]
[WhiteElo "967"]
[BlackElo "1200"]
[PlyCount "87"]
[EventDate "2010.02.06"]
[EventType "match (corr)"]
[EventRounds "2"]
[EventCountry "GER"]
[SourceTitle "Corr 2013"]
[Source "ChessBase"]
[SourceDate "2012.11.12"]
[SourceVersion "1"]
[SourceVersionDate "2012.11.12"]
[SourceQuality "1"]

1. e4 e5 2. Bc4 Nf6 3. d4 Nc6 4. d5 Na5 5. Bd3 b6 6. Nf3 Qe7 7. 0-0 Nb7 8. Be3 g6 9. Qd2 h6 10. Nc3 Ng4 11. h3 Nxe3 12. Qxe3 Bg7 13. Rad1 0-0 14. a3 a5 15. Bc4 d6 16. Bb5 f5 17. Nh2 f4 18. Qf3 h5 19. Bc6 Rb8 20. Na2 Bd7 21. Qc3 Bxc6 22. Qxc6 g5 23. f3 Nc5 24. b4 axb4 25. axb4 Nd7 26. Nc3 Nf6 27. Nb5 Rf7 28. Ra1 g4 29. hxg4 hxg4 30. Ra8 Rxa8 31. Qxa8+ Kh7 32. fxg4 Bh6 33. Qa3 Rg7 34. Qf3 Qd7 35. Nc3 Nxg4 36. Nxg4 Qxg4 37. Nb5 Qg3 38. Qxg3 fxg3 39. Rf3 Bf4 40. Kf1 Kg8 41. Rc3 Bd2 42. Rb3 Rf7+ 43. Rf3 Rg7 44. Rb3 1-0